000 00537nam a2200157Ia 4500
008 150223s9999 xx 000 0 und d
020 _a60736712
050 _aE 882
_b.F828 2004
100 _aFrank, Justin A..
245 _aBush on the couch:
_binside the mind of the president /
_cJustin A. Frank
260 _aNew york:
_bHarperCollins Publishers Inc.,
_c2004
300 _a268 pages :
_bIllustration;
_c23 cm.
504 _aIncludes acknowledgements and Index.
650 _aaffiliabilty and disability
650 _aThe first family.
999 _c283272
_d283272